000 01072cam a2200277 i 4500
003 SA-RiAUC
005 20250612050632.0
008 250605s1995 su g 00000 ara c
020 _a9960617122
040 _aSA-RiAUC
_bara
_cSA-RiAUC
_erda
043 _aa-su---
082 0 4 _a953.124
_qSA-RiAUC
090 _a953.154
_bك م ا
100 1 _aكمال، محمد سعيد بن حسن،
_d1332-1416 هجري
_eمؤلف.
245 1 2 _aالطائف في كتب المؤرخين /
_cتأليف محمد سعيد بن حسن كمال.
250 _aالطبعة الأولى.
264 1 _aجدة، السعودية :
_bنادي مكة الثقافي الأدبي،
_c1995
300 _a168 صفحة ؛
_c24 سم.
336 _aنص
_btxt
_2rdacontent
_3كتاب
337 _aبدون وسيط
_bn
_2rdamedia
338 _aمجلد
_bnc
_2rdacarrier
490 0 _aمطبوعات نادي مكة الثقافي الأدبي ؛
_v96
651 7 _aالطائف (السعودية)
_xتاريخ
_2aucsh
942 _2ddc
_cBOOK
_n0
949 _aSA-JeALM
_d250605
_umohamedma123
_n1
999 _c8865
_d8865